Principles and problems in physical chemistry for biochemists (Record no. 2143)

MARC details
000 -LEADER
fixed length control field 00700nam a22002297a 4500
003 - CONTROL NUMBER IDENTIFIER
control field OSt
005 - DATE AND TIME OF LATEST TRANSACTION
control field 20150713135133.0
008 - FIXED-LENGTH DATA ELEMENTS--GENERAL INFORMATION
fixed length control field 150713b xxu||||| |||| 00| 0 eng d
020 ## - INTERNATIONAL STANDARD BOOK NUMBER
International Standard Book Number 9780198792819
040 ## - CATALOGING SOURCE
Transcribing agency DDC
082 ## - DEWEY DECIMAL CLASSIFICATION NUMBER
Edition number 22nd ed.
Classification number 541 PRI 2001
100 ## - MAIN ENTRY--PERSONAL NAME
Personal name Price, Nicholas C.
9 (RLIN) 5521
245 ## - TITLE STATEMENT
Title Principles and problems in physical chemistry for biochemists
250 ## - EDITION STATEMENT
Edition statement 3rd ed.
260 ## - PUBLICATION, DISTRIBUTION, ETC. (IMPRINT)
Place of publication, distribution, etc. Oxford University Press
Name of publisher, distributor, etc. Oxford University Press
Date of publication, distribution, etc. 2001
300 ## - PHYSICAL DESCRIPTION
Extent xix,401p;
Other physical details ill:
Dimensions 25cm
504 ## - BIBLIOGRAPHY, ETC. NOTE
Bibliography, etc Appendices, & index included
650 ## - SUBJECT ADDED ENTRY--TOPICAL TERM
Topical term or geographic name as entry element Physical chemistry
9 (RLIN) 1450
650 ## - SUBJECT ADDED ENTRY--TOPICAL TERM
Topical term or geographic name as entry element Biochemistry
9 (RLIN) 443
700 ## - ADDED ENTRY--PERSONAL NAME
Personal name Dwek, Raymond A. ;Ratcliffe, R. George
9 (RLIN) 5522
942 ## - ADDED ENTRY ELEMENTS (KOHA)
Source of classification or shelving scheme Other/Generic Classification Scheme
Koha item type Open Shelf
Holdings
Withdrawn status Lost status Source of classification or shelving scheme Damaged status Not for loan Home library Current library Date acquired Source of acquisition Inventory number Total Checkouts Full call number Barcode Date last seen Date last checked out Koha item type
    Dewey Decimal Classification     MUST Main Library MUST Main Library 13/07/2015   15/39201 4 541 PRI 2001 2015-2073 30/10/2019 19/10/2019 Open Shelf
    Dewey Decimal Classification     MUST Main Library MUST Main Library 13/07/2015   15/39202 4 541 PRI 2001 2015-2074 20/04/2021 06/04/2021 Open Shelf
    Dewey Decimal Classification     MUST Main Library MUST Main Library 20/09/2016   11/33728 3 541 PRI 2001 2016-4397 16/04/2021 10/04/2021 Open Shelf